00941nam a22001817a 450000500170000000800410001702000180005805000180007608200190009410000330011324500570014626000330020330000360023650400490027250503780032165000330069965000270073220231102152026.0170427s2010 sp a 001 0 spa d a9788492650262 4aHF5415.3bV35 4a658.83bV233in1 aValderrey Sanz, Pabloeautor10aInvestigación de mercadosc / Pablo Valderrey Sanz3 aMadridb : Starbookc , 2010 a243 páginasb: ilustraciones  aIncluye: índice alfabético (pp. 237-243)0 aIntroducción a la investigación de mercados Diseño de la investigación. Escalas y recogida de la información por muestras Métodos de muestreo en la investigación Recopilación y preparación de los datos. Exploratorio, depuración, tabulación y Test Análisis de datos: técnicas de la dependencia Análisis de datos: técnicas de la interdependencia10aINVESTIGACIÓN DE MERCADOS 14aANÁLISIS DE MERCADEO